{"text_format":"3","workbook":"xlsx","n_sheets":1,"sheets":["Sheet1"],"read":"whole","date_system":"1900"}

{"sheet":"Sheet1","index":0,"n_rows":24,"n_cols":9,"rows_kept":24,"merged":[[0,0,0,8],[20,0,20,3],[20,4,20,8],[23,0,23,10]]}
["植物系 园林景观设计与施工材料、工具采购清单"]
["序号","技能项目名称","工具、材料品名","型号规格","单位","数量","参考单价（元）","单项控制价（元）","使用地点"]
[1,"园林景观设计与施工","台式石材锯","Husqvarna TS350E台式锯（含锯片），切割深度100mm，2800r/min,输入功率2.2KW，锯片直径350mm；\n另配1张锯片（砖石350专用锯片）","台",1,10500,10500,"园林实训基地"]
[2,"园林景观设计与施工","复合木材斜切锯","德伟DWS780,35mm重型复合斜切锯（含锯片），输入功率1675W，转速1900—3800rpm，锯片直径305mm；配移动支架；\n另配1张锯片（德伟，12寸，60齿）","台",1,9500,9500,"园林实训基地"]
[3,"园林景观设计与施工","水泥砖","400x200x30mm","块",4000,0.6,2400,"园林实训基地"]
[4,"园林景观设计与施工","小筒瓦","110x110x50mm","块",200,1,200,"园林实训基地"]
[5,"园林景观设计与施工","防水膜","18丝，宽度4米","㎡",240,2.5,600,"园林实训基地"]
[6,"园林景观设计与施工","水平尺","得力，1200mm","根",6,100,600,"园林实训基地"]
[7,"园林景观设计与施工","钢卷尺","7.5m、防摔、加厚","把",10,15,150,"园林实训基地"]
[8,"园林景观设计与施工","工兵铲","长度75—80cm，尖头，50号锰钢，钢管手柄","把",10,25,250,"园林实训基地"]
[9,"园林景观设计与施工","耳塞","海绵、有绳","副",100,0.6,60,"园林实训基地"]
[10,"园林景观设计与施工","劳保手套","600加厚优棉","副",500,0.6,300,"园林实训基地"]
[11,"园林景观设计与施工","护目镜","霍尼韦尔100110、防雾","副",10,14,140,"园林实训基地"]
[12,"园林景观设计与施工","护膝","黑色、加厚海绵、硬壳","对",8,50,400,"园林实训基地"]
[13,"园林景观设计与施工","劳保服","品牌：中防；套装（上衣、裤子）","套",4,160,640,"园林实训基地"]
[14,"园林景观设计与施工","搅拌机","多力士，681201，850W，650r/min，配螺旋杆","台",2,400,800,"园林实训基地"]
[15,"园林景观设计与施工","手锯","德力西小白鲨进口剪定锯，总长470mm，锯片厚1.1mm，锯片长300mm，SK5钢，含锯套","把",6,35,210,"园林实训基地"]
[16,"园林景观设计与施工","水平仪","德力西、数显中控、户外、绿光5线、双锂电池、1.5米三脚架一副","台",2,250,500,"园林实训基地"]
[17,"园林景观设计与施工","草皮","四季青","㎡",50,15,750,"园林实训基地"]
[18,"园林景观设计与施工","盆栽","根据赛项规程确定","项",1,"—",2000,"园林实训基地"]
["总控制价（元）：",{"$nulls":3},{"$f":"SUM(H3:H20)","v":30000}]
[]
[]
["注：1.此表单价为参考价格，报价不得超过控制价；2.可将此表修改为报价单，但其中序号、耗材品名、型号规格、单位、数量不得修改。"]